Mister V - Miami Heat - Statistiques

Statistiques générales
  • Ce quiz a été pris 88 fois
  • Le résultat moyen est 268 sur 452
Statistiques - réponses
Réponse % Correct
à
93%
a
93%
m'
93%
l'
91%
J'
89%
j'
89%
C'
87%
c'
87%
le
85%
Miami
85%
la
83%
d'
81%
Heat
81%
ai
78%
de
76%
les
76%
ma
74%
pas
74%
dans
72%
me
72%
jouer
70%
net
70%
chèque
69%
En
69%
en
69%
Pour
69%
pour
69%
mon
67%
NBA
67%
on
67%
On
67%
poche
67%
2006
65%
2008
65%
2010
65%
Ca
65%
ça
65%
Nets
65%
nez
65%
pu
65%
voulais
65%
petit
63%
un
63%
aurais
61%
dit
61%
Ou
61%
ou
61%
percé
61%
sur
61%
Mais
59%
premier
59%
qu'
59%
ta
59%
Tu
59%
deux
57%
pochons
57%
coke
56%
porte
56%
Son
56%
appart'
54%
appart
54%
laisse
54%
tomber
54%
ce
52%
comme
52%
encaissais
52%
Porsche
52%
coup
50%
des
50%
échec
50%
Fiat
50%
pied
50%
roule
50%
sa
50%
suis
50%
veux
50%
Depuis
48%
est
48%
péter
48%
rentre
48%
sont
48%
toujours
48%
Tous
48%
adversaire
46%
connais
46%
met
46%
pourrais
46%
routes
46%
vous
46%
barrées
44%
ex
44%
Pourtant
44%
que
44%
Que
44%
va
44%
bac
43%
elle
43%
Elle
43%
fiables
43%
une
43%
blanc
41%
Coca
41%
envoie
41%
excelle
41%
fait
41%
Gobert
41%
mes
41%
ouais
41%
Wade
41%
Y'
41%
anniversaire
39%
Rudy
39%
teub
39%
Anderson
37%
bougs
37%
longtemps
37%
mère
37%
Pamela
37%
peu
37%
équipe
35%
manie
35%
Nique
35%
personne
35%
regarde
35%
rien
35%
sers
35%
States
35%
trop
35%
blanche
33%
crime
33%
haut
33%
Jack
33%
kilomètres
33%
Montana
33%
quand
33%
aimerais
31%
célèbre
31%
fermé
31%
ferme
31%
goutte
31%
même
31%
soir
31%
vie
31%
vois
31%
aux
30%
devenu
30%
putains
30%
Air
28%
Eh
28%
Hannah
28%
ton
28%
touche
28%
attaque
26%
banc
26%
Force
26%
austère
24%
clip
24%
cul
24%
Plus
24%
qui
24%
soit
24%
venir
24%
bouge
22%
éthylotest
22%
faut
22%
game
22%
mieux
22%
vomis
22%
fonce-dé
20%
seum
20%
taché
20%
Désolé
19%
gueule
19%
mets
19%
paire
19%
Ouh
17%
Lee
15%
ler-ce
15%
Tommy
13%
finir
11%
Clap
9%
clap
9%
danse
9%
oil-p
9%
clappe
4%
batte
0%
Aucun quiz correspondant
Distribution des résultats
% des personnes avec chaque résultat
Percentile par nombre de réponses
Votre historique - résultats
Vous n’avez pas pris ce quiz